|
|
|
|
| LEADER |
00000cam a2200000 a 4500 |
| 001 |
vtls001435736 |
| 003 |
SK-MaSNL |
| 005 |
20260301202835.0 |
| 008 |
240226s2001 xo frnp 000 0 slo |
| 015 |
|
|
|a SNBA2002/09-03006
|
| 020 |
|
|
|a 8022316784
|
| 035 |
|
|
|a SNK000390826
|
| 035 |
|
|
|a urn:nbn:sk:snk-am3irta
|
| 035 |
|
|
|a 9D0CBFD3-3BF7-41DE-B718-1EC9B95BA660
|
| 035 |
|
|
|a urn:nbn:sk:snk-am00fffc
|
| 040 |
|
|
|a SNK
|b slo
|c SNK
|e AACR2
|
| 041 |
0 |
|
|a slo
|
| 044 |
|
|
|a xo
|c SK
|
| 072 |
|
7 |
|a 811.112.2
|x Nemčina
|2 konspekt
|
| 072 |
|
7 |
|a 37.016
|x Učebné osnovy. Vyučovacie predmety. Učebnice
|2 konspekt
|
| 080 |
|
|
|a 803.0-4(075.8)
|2 1981
|
| 080 |
|
|
|a 811.112.2
|2 2011
|
| 080 |
|
|
|a 81'34
|2 2011
|
| 080 |
|
|
|a (075.8)
|2 2011
|
| 100 |
1 |
|
|a Adamcová, Lívia,
|d 1950-
|4 aut
|9 12891
|
| 245 |
1 |
0 |
|a Phonetik der deutschen Sprache
|c Lívia Adamcová
|
| 250 |
|
|
|a 2. vyd.
|
| 260 |
|
|
|a Bratislava
|b Univerzita Komenského
|c 2001
|
| 300 |
|
|
|a 201 strán
|c 24 cm
|
| 366 |
|
|
|e 500 kusov
|
| 504 |
|
|
|a Bibliografia na strane 194
|
| 650 |
0 |
7 |
|a nemčina
|2 SNKPH
|9 1384
|
| 650 |
0 |
7 |
|a fonetika
|2 SNKPH
|9 863
|
| 655 |
|
7 |
|a učebnice vysokých škôl
|2 SNKPH
|9 70191
|
| 919 |
|
|
|a 80-223-1678-4
|
| 958 |
|
|
|a TL
|
| 958 |
|
|
|a UV
|
| 958 |
|
|
|a DE
|
| 958 |
|
|
|a NB
|
| 958 |
|
|
|a OND
|
| 999 |
|
|
|c 900382
|d 902312
|
| 952 |
|
|
|t P60, <03>, [BOOK], {603}
|a SNK
|b SNK
|y PREZ
|7 0
|p 17A0347433
|o snkSC 108270
|i snkKSP 7211/2002
|0 0
|1 0
|4 0
|d 2002-06-07
|f 1
|l 0
|r 2025-09-29 00:00:00
|w 2026-02-24
|
| 952 |
|
|
|t P60, <04>, [BOOK], {604}
|a SNK
|b SNK
|y VYP
|7 0
|p 17A0347434
|o snkSC 108270 D1
|i snkKSP 7212/2002
|0 0
|1 0
|4 0
|d 2002-06-07
|l 0
|r 2005-01-02 00:00:00
|w 2026-02-24
|